000 00292nam a2200121Ia 4500
008 231129s1970||||xx |||||||||||||| ||spa||
082 _aOEM- 1727
100 _aAiró Clemente
245 0 _aEl campo y el fuego
260 _c1970
264 _aBogotá: Tercer Mundo 1970
942 _2ddc
_cBKS
999 _c10466
_d10466